What Your 2nd Frader Needs to Know (Record no. 37025)

MARC details
000 -LEADER
fixed length control field 00436nam a2200181Ia 4500
020 ## - INTERNATIONAL STANDARD BOOK NUMBER
ISBN 0-385-41116-2
050 ## - CALL MARK
Classification number LB15712nd.W47
100 ## - STATEMENT OF RESPONSIBILITY--MAIN AUTHOR NAME
Personal name E. D. Hirsch jr.
245 #0 - TITLE STATEMENT
Title What Your 2nd Frader Needs to Know
260 ## - PUBLICATION, DISTRIBUTION, ETC. (IMPRINT)
Place of publication New York
260 ## - PUBLICATION, DISTRIBUTION, ETC. (IMPRINT)
Name of publisher Double Day
260 ## - PUBLICATION, DISTRIBUTION, ETC. (IMPRINT)
Year of publication 1991
300 ## - PHYSICAL DESCRIPTION
Number of Pages 309 p
650 ## - SUBJECT ADDED ENTRY--TOPICAL TERM
Topical Term Second Grade (Education)
942 ## - ADDED ENTRY ELEMENTS (KOHA)
Koha item type Books
Holdings
Withdrawn status Lost status Source of classification or shelving scheme Damaged status Not for loan Permanent Location Current Location Date acquired Accession Number Price effective from Koha item type
    Library of Congress Classification     NILE UNIVERSITY OF NIGERIA - MAIN LIBRARY NILE UNIVERSITY OF NIGERIA - MAIN LIBRARY 04/23/2025 0005044 04/23/2025 Books